Movies Quiz

Random Movies or Oscar Quiz

Best Picture 21st Century Quiz Stats

 Plays Quiz not verified by Sporcle

Challenge
Share
Tweet
Embed
Score 0/16 Timer 05:00
0 Plays Today
Year Best Picture Winner % Correct
2014Birdman or (The Unexpected Virtue of Ignorance)
84.8%
2015Spotlight
84.8%
2005Crash
81.8%
2000Gladiator
80.3%
2012Argo
80.3%
2003The Lord of the Rings: Return of the King
78.8%
2006The Departed
78.8%
2011The Artist
78.8%
Year Best Picture Winner % Correct
201312 Years a Slave
78.8%
2009The Hurt Locker
74.2%
2010The King's Speech
71.2%
2001A Beautiful Mind
69.7%
2002Chicago
69.7%
2008Slumdog Millionaire
69.7%
2004Million Dollar Baby
66.7%
2007No Country for Old Men
66.7%

You're not logged in!

Compare scores with friends on all Sporcle quizzes.
Join for Free
OR
Log In

You Might Also Like...

Show Comments

Extras

Top Quizzes Today


Score Distribution

Your Account Isn't Verified!

In order to create a playlist on Sporcle, you need to verify the email address you used during registration. Go to your Sporcle Settings to finish the process.

Report this User

Report this user for behavior that violates our Community Guidelines.

Details: